000
00307nam a22001337a 4500
008
170404b xxu||||| |||| 00| 0 eng d
020
_a
9780072909326
041
_a
eng
080
_2
6 ED
_a
574
100
_a
9
101
_a
SHM
245
_a
ENVIRONMENT SCIENCE AGLOBAL CONCERN
_c
SAIGO.C
942
_2
udc
_c
BK
999
_c
9631
_d
9631